000 01163nam a22003257a 4500
003 CHAP
005 20220329133820.0
008 971013s1989 r 00010 d
010 _a11290
011 _a12262
035 _a14731
040 _cCHAP
090 _aTesis
100 0 0 _aPlatas Rosado, Diego Esteban.
_989128
245 _aAnálisis de los factores naturales y sociales que influyen en la utilización de instrumentos de trabajo agrícola
260 _aChapingo, Méx. :
_bEl autor,
_c1989
300 _a126 h.
_b: mapas
502 _aTesis (Ing. Agr. Esp. en Maquinaria agrícola) -- UACH. Departamento de Maquinaria Agrícola
590 _aALEPH
_b10
_c20130110
_lUCH01
_h1228
590 _aBATCH-UPD
_b10
_c20130110
_lUCH01
_h2004
590 _aBATCH-UPD
_b10
_c20130410
_lUCH01
_h1324
590 _aBATCH-UPD
_b10
_c20130914
_lUCH01
_h1806
590 _aCONVERSION
_b10
_c20130109
_lUCH01
_h1307
650 1 4 _aMecanización agrícola.
_973801
710 0 _aUACH. Departamento de Maquinaria Agrícola.
_9115876
901 _aBK
942 _cTESIS
949 _bBC
_cTES
_d-126533
_eTS1
_h21215
_i14731
_si
949 _bMA
_cTESBD
_d-26900
_eTS1
_i14731
_si
999 _c11290
_d11290